Normal view
MARC view
Entry Personal Name
001 - CONTROL NUMBER
- control field: 1605
003 - CONTROL NUMBER IDENTIFIER
- control field: BD-RjUL
005 - DATE AND TIME OF LATEST TRANSACTION
- control field: 20220227163235.0
008 - FIXED-LENGTH DATA ELEMENTS
- fixed length control field: 220227|| aca||aabn | a|a d
040 ## - CATALOGING SOURCE
- Original cataloging agency: BD-RjUL
- Transcribing agency: BD-RjUL
100 ## - HEADING--PERSONAL NAME
- Personal name: Dutt, Michael Madhusudan
- Dates associated with a name: 1824 - 1873 AD
- General subdivision: Criticism and Interpritation
670 ## - SOURCE DATA FOUND
- Source citation: Work cat.: (BD-RjUL)79467: বেগম, মোছা. ফেরদৌসী 1603, মাইকেল মধুসূদন দত্তের সাহিত্যকর্মে মানবতাবাদ :, ২০১৬